000 00672nam a2200229 a 4500
001 68487
003 BD-RjUL
005 20211209081758.0
008 770707s1978 nyua b 001 0 eng
020 _a0471029513
035 _a(BD-RjUL)68697
040 _aDLC
_cDLC
_dDLC
_dBD-RjUL
_beng
041 _aeng
082 0 0 _223
_a510.8
_bBEI 1978
100 1 _aBender, Edward A.,
_d1942-
_9203008
245 1 3 _aAn introduction to mathematical modeling /
_cEdward A. Bender.
260 _aNew York :
_bWiley,
_cc1978.
300 _ax, 256 p. :
_bill. ;
_c24 cm.
504 _aIncludes Bibliography: p. 239-248 and . index.
650 0 _aMathematics.
_9203009
942 _2ddc
_cBK
999 _c68487
_d68487